LEADER 00926nam0 2200325li 450 001 990000263060203316 035 $a0026306 035 $aUSA010026306 035 $a(ALEPH)000026306USA01 035 $a0026306 100 $a20001109d1981----km-y0itay0103----ba 101 0 $aita 102 $aIT 200 1 $aPascal$emanuale e standard del linguaggio$fdi Kathleen Jensen, Niklaus Wirth 210 $aMilano$cJackson$dcopyr. 1981 215 $aV, 179 p.$d21 cm. 315 $aaltro genere 676 $a001642$9. 700 1$aJensen,$bKathleen 702 1$aWirth,$bNiklaus 801 $aSistema bibliotecario di Ateneo dell' Università di Salerno$gRICA 912 $a990000263060203316 951 $a001 BUG 42 (A)$b0006715 959 $aBK 969 $aSCI 979 $c19900312 979 $c20001110$lUSA01$h1715 979 $c20020403$lUSA01$h1634 979 $aPATRY$b90$c20040406$lUSA01$h1619 997 $aUNISA LEADER 00986nam0-22002771i-450- 001 990003302100403321 005 20080606093751.0 035 $a000330210 035 $aFED01000330210 035 $a(Aleph)000330210FED01 035 $a000330210 100 $a20030910d--------km-y0itay50------ba 101 0 $aita 105 $ay-------001yy 200 1 $aBorchadt, Rudolf- Doderer, Heimito Von - Grimm, Hans - Handel - Mazzetti, Enrica - von Keller, Gottfried - Molo, Walter Von Ponten, Joseph - Zech, Paul 210 $aTorino$cs. n.$d1973 610 0 $aLetteratura tedesca 676 $a830 700 1$aDell'Agli,$bAnna Maria$0131159 801 0$aIT$bUNINA$gRICA$2UNIMARC 901 $aBK 912 $a990003302100403321 952 $a830 AGL /1$bLINGUE 2261 (DONO)$fDECLI 959 $aDECLI 996 $aBorchadt, Rudolf- Doderer, Heimito Von - Grimm, Hans - Handel - Mazzetti, Enrica - von Keller, Gottfried - Molo, Walter Von Ponten, Joseph - Zech, Paul$9446680 997 $aUNINA LEADER 00854nam0-22003131i-450- 001 990006373290403321 005 20060207120232.0 035 $a000637329 035 $aFED01000637329 035 $a(Aleph)000637329FED01 035 $a000637329 100 $a20000112d1981----km-y0itay50------ba 101 0 $aita 105 $a--------00-yy 200 1 $a<>imposta sul valore aggiunto$fAngelo Dus. 210 $aTorino$cUtet$d1981 215 $a2 v.$d24 cm 225 1 $aTeoria e pratica tributaria$v1 327 0 $a1.: Vol.1$a2.: Vol.2 676 $a343.055 700 1$aDus,$bAngelo$0239582 801 0$aIT$bUNINA$gRICA$2UNIMARC 901 $aBK 912 $a990006373290403321 952 $aXIV C 282 (1)$b113181$fFGBC 952 $aDT II/120/1$b7164$fDEC 959 $aFGBC 996 $aImposta sul valore aggiunto$9659744 997 $aUNINA